Normal view
MARC view
Entry Topical Term
001 - CONTROL NUMBER
- control field: 13214
003 - CONTROL NUMBER IDENTIFIER
- control field: PK-LaUMT
005 - DATE AND TIME OF LATEST TRANSACTION
- control field: 20260624180946.0
008 - FIXED-LENGTH DATA ELEMENTS
- fixed length control field: 260624|| aca||aabn | a|a d
040 ## - CATALOGING SOURCE
- Original cataloging agency: PK-LaUMT
- Transcribing agency: PK-LaUMT
150 ## - HEADING--TOPICAL TERM
- Topical term or geographic name as entry element: Mammography
670 ## - SOURCE DATA FOUND
- Source citation: Work cat.: (PK-LaUMT)141274: Paredes, Ellen Shaw De 13213, Atlas of mammography /, 2007
